| 000 | 00545nam a22001815i 4500 | ||
|---|---|---|---|
| 001 | 157559 | ||
| 003 | ES-MaACL | ||
| 005 | 20230906210729.0 | ||
| 008 | 990701s1835 fr |||| | fre d | ||
| 040 |
_aGA _bspa _cCCPB | 3D |
||
| 100 | 1 |
_aLerminier, E. _9128891 |
|
| 245 | 1 | 0 |
_aPhilosophie du droit / _cpar E. Lerminier. |
| 250 | _a2e éd. | ||
| 260 |
_aParis : _bCharpentier : _bJoubert, _c1835 ( _fImprimerie de Decourchant) |
||
| 300 |
_a2 v. ; _c21 cm. |
||
| 752 |
_aFrancia - _dParís |
||
| 852 |
_aES-MaACL _jB-5990-5991 _z-- Enc. tela |
||
| 999 |
_c157559 _d157559 |
||